000 01114nam a2200241Ia 4500
001 282.082 092-GRA li (12883)
003 IT-MiSPE
008 171229s9999||||xx |||||||||||||| ||und||
040 _aIT-MiSPE
_cIT-MiSPE
041 _aITALIANO
100 _aGerardo di Flùmeri
245 0 _aIl grande libro di Padre Pio
_bRicordi, testimonianze, immagini di un uomo straordinario
250 _a1a ed. (v)
260 _aCinisello B.mo
_bSan Paolo
_c1998
300 _a254 p.
_c31 cm
490 _aGrandi libri fotografici
_v23
500 _aPadre Pio; Pio da Pietrelcina, Padre
501 _aEdizioni San Paolo srl - Piazza Soncino, 5 - 20092 CINISELLO BALSAMO (MI) (non commercial uses only) ® Copyright 2018
520 _aIll.
942 _cBK
957 _71
999 _a16410
_bNO
_g Copie: 1
_c349011
_d349011